| 000 | 00534nam a2200181Ia 4500 | ||
|---|---|---|---|
| 003 | GCL | ||
| 008 | 140319s9999 xx 000 0 eng d | ||
| 040 |
_aGCL / _cGCL |
||
| 082 | 0 | 4 |
_a371.9 _bS L |
| 100 | 1 | _aSHEA, THOMES M. | |
| 245 | 1 | 0 |
_aLEARNERS WITH DISABILITIES: A SOCIAL SYSTEMS PERSPECTIVE OF SPECIAL EDUCATION / _cSHEA, THOMES M. |
| 700 | 1 | _aBAUER, ANNE MARIE | |
| 260 |
_a[S.N] : _bBROWN AND BENCHMARK ، _c1994 |
||
| 300 | _a491 P | ||
| 650 | 0 | 4 | _aSOCIAL SYSTEMS |
| 650 | 0 | 4 | _aDEVELOPMENTAL DISABILITES |
| 942 |
_2ddc _cBK |
||
| 999 |
_c17087 _d17087 |
||